<?xml version="1.0" encoding="UTF-8"?>
<record
    xmlns:xsi="http://www.w3.org/2001/XMLSchema-instance"
    xsi:schemaLocation="http://www.loc.gov/MARC21/slim http://www.loc.gov/standards/marcxml/schema/MARC21slim.xsd"
    xmlns="http://www.loc.gov/MARC21/slim">

  <leader>00626nam a2200193 a 4500</leader>
  <controlfield tag="001">973</controlfield>
  <controlfield tag="003">CDMR</controlfield>
  <controlfield tag="005">20151026134202.0</controlfield>
  <controlfield tag="008">130130s1979||||||||||||||||||||||||||||d</controlfield>
  <datafield tag="020" ind1=" " ind2=" ">
    <subfield code="a">8436801253</subfield>
  </datafield>
  <datafield tag="040" ind1=" " ind2=" ">
    <subfield code="a">CDMR</subfield>
    <subfield code="b">cat</subfield>
    <subfield code="c">CDMR</subfield>
  </datafield>
  <datafield tag="100" ind1="1" ind2=" ">
    <subfield code="a">N&#xFA;&#xF1;ez Ladev&#xE9;ze, Lu&#xED;s</subfield>
    <subfield code="9">759</subfield>
  </datafield>
  <datafield tag="245" ind1="1" ind2="3">
    <subfield code="a">El lenguaje de los media</subfield>
    <subfield code="b">: introducci&#xF3;n a una teor&#xED;a de la actividad period&#xED;stica</subfield>
    <subfield code="c">Luis N&#xFA;&#xF1;ez Ladev&#xE9;ze</subfield>
  </datafield>
  <datafield tag="260" ind1=" " ind2=" ">
    <subfield code="a">Madrid</subfield>
    <subfield code="c">1979</subfield>
    <subfield code="b">Pir&#xE1;mide</subfield>
  </datafield>
  <datafield tag="650" ind1="0" ind2="4">
    <subfield code="9">3377</subfield>
    <subfield code="a">Mitjans de comunicaci&#xF3; de massa i llenguatge</subfield>
  </datafield>
  <datafield tag="650" ind1="0" ind2="4">
    <subfield code="9">3158</subfield>
    <subfield code="a">Periodisme i llenguatge</subfield>
  </datafield>
  <datafield tag="650" ind1="0" ind2="4">
    <subfield code="9">3772</subfield>
    <subfield code="a">Periodisme--Manuals d'estil</subfield>
  </datafield>
  <datafield tag="942" ind1=" " ind2=" ">
    <subfield code="c">MON</subfield>
    <subfield code="2">udc</subfield>
  </datafield>
  <datafield tag="999" ind1=" " ind2=" ">
    <subfield code="c">973</subfield>
    <subfield code="d">973</subfield>
  </datafield>
  <datafield tag="952" ind1=" " ind2=" ">
    <subfield code="0">0</subfield>
    <subfield code="1">0</subfield>
    <subfield code="4">0</subfield>
    <subfield code="7">0</subfield>
    <subfield code="a">CDMR</subfield>
    <subfield code="b">CDMR</subfield>
    <subfield code="d">2013-01-16</subfield>
    <subfield code="l">0</subfield>
    <subfield code="o">Dc /12</subfield>
    <subfield code="p">CDMR1312613504</subfield>
    <subfield code="r">2013-01-16</subfield>
    <subfield code="w">2013-01-16</subfield>
    <subfield code="y">MON</subfield>
  </datafield>
</record>
